Segunda comedia de Celestina / (Record no. 144485)

MARC details
000 -LEADER
campo de control de longitud fija 00695nam a2200217 4500
001 - NÚMERO DE CONTROL
campo de control 144485
003 - IDENTIFICADOR DE NÚMERO DE CONTROL
campo de control ES-MaACL
005 - FECHA Y HORA DE LA ÚLTIMA TRANSACCIÓN
campo de control 20230906201029.0
007 - CAMPO FIJO DE DESCRIPCIÓN FÍSICA--INFORMACIÓN GENERAL
campo de control de longitud fija t|
008 - DATOS DE LONGITUD FIJA--INFORMACIÓN GENERAL
campo de control de longitud fija 070214s1968 sp r ||||1| spa d
080 ## - NÚMERO DE LA CLASIFICACIÓN DECIMAL UNIVERSAL
Número de la Clasificación Decimal Universal 821.134.2-21"15"
100 1# - ENTRADA PRINCIPAL--NOMBRE DE PERSONA
Nombre de persona Silva, Feliciano de.
9 (RLIN) 106363
245 10 - MENCIÓN DEL TÍTULO
Título Segunda comedia de Celestina /
Mención de responsabilidad, etc. Feliciano de Silva ; edición, prólogo y notas de María Inés Chamorro Fernández.
260 ## - PUBLICACIÓN, DISTRIBUCIÓN, ETC.
Lugar de publicación, distribución, etc. Madrid :
Nombre del editor, distribuidor, etc. Ciencia Nueva,
Fecha de publicación, distribución, etc. 1968.
300 ## - DESCRIPCIÓN FÍSICA
Extensión 527 p. ;
Dimensiones 18 cm.
490 1# - MENCIÓN DE SERIE
Mención de serie Los clásicos ;
Designación de volumen o secuencia 13-14
700 1# - ENTRADA AGREGADA--NOMBRE PERSONAL
Nombre de persona Chamorro Fernández, María Inés.
9 (RLIN) 37896
830 1# - PUNTO DE ACCESO ADICIONAL DE SERIE-TÍTULO UNIFORME
Título uniforme Los clásicos ;
Designación de volumen o secuencia 13-14
9 (RLIN) 184368
852 ## - LOCALIZACIÓN
Ubicación ES-MaACL
Número de control de estantería G-7376
Holdings
Estatus retirado Estado de pérdida Estado de daño No para préstamo Biblioteca de origen Biblioteca actual Ubicación en estantería Fecha de adquisición Fuente de adquisición Total de préstamos Signatura topográfica completa Código de barras Visto por última vez Precio de reemplazo Tipo de ítem Koha
        Biblioteca del Ateneo de Madrid Biblioteca del Ateneo de Madrid Depósito 2 17/01/2008     G-7376 1150329 23/02/2023 23/02/2023 Libro impreso